[Event "Thüringenliga 2014/2015"]
[Site "?"]
[Date "2015.01.11"]
[Round "6"]
[White "Kühn, Martin"]
[Black "August, Daniel"]
[Result "0-1"]
[WhiteElo "1912"]
[BlackElo "2011"]
[PlyCount "70"]
[EventDate "2015.??.??"]
[WhiteTeam "ESV Lok Sömmerda"]
[BlackTeam "SV Jenapharm Jena"]

1. d4 d6 2. c4 e5 3. Nf3 e4 4. Nfd2 f5 5. e3 Nf6 6. Nc3 Be7 7. Be2 c6 8. O-O
O-O 9. b4 Be6 10. a4 Nbd7 11. Ba3 d5 12. cxd5 Nxd5 13. Nxd5 Bxd5 14. Qc2 Rc8
15. f3 Nf6 16. fxe4 Nxe4 17. Nxe4 fxe4 18. Bg4 Rc7 19. Rxf8+ Bxf8 20. Qe2 Bd6
21. Rb1 Qe7 22. g3 a5 23. Qd2 Qg5 24. Qe2 Rf7 25. Bc1 Bxb4 26. Bh3 h5 27. Bd2
Bxd2 28. Qxd2 h4 29. Qe1 Rf3 30. Rxb7 hxg3 31. hxg3 Rxg3+ 32. Kh2 Rxe3 33. Rb8+
Kh7 34. Bf5+ g6 35. Rb7+ Kh6 0-1

[Event "Thüringenliga 2014/2015"]
[Site "?"]
[Date "2015.01.11"]
[Round "6"]
[White "Wolf, Isaak"]
[Black "Siegemund, Joachim"]
[Result "1/2-1/2"]
[WhiteElo "1919"]
[BlackElo "1993"]
[PlyCount "76"]
[EventDate "2015.??.??"]
[WhiteTeam "SV Jenapharm Jena"]
[BlackTeam "ESV Lok Sömmerda"]

1. e4 e6 2. f4 d5 3. e5 c5 4. Nf3 Nc6 5. c3 Nh6 6. d3 Nf5 7. g3 Be7 8. Bg2 h5
9. Bh3 g6 10. Na3 a6 11. Nc2 b5 12. d4 b4 13. cxb4 cxb4 14. O-O a5 15. Ne3 Ba6
16. Rf2 Qb6 17. Nxf5 gxf5 18. Be3 Rc8 19. Rc1 Kd7 20. Bf1 h4 21. Bxa6 Qxa6 22.
Rfc2 hxg3 23. hxg3 Na7 24. Rxc8 Rxc8 25. Rxc8 Nxc8 26. Qc2 Qc6 27. Qxc6+ Kxc6
28. Kf2 a4 29. Ke2 Nb6 30. b3 axb3 31. axb3 Na8 32. Bd2 Nc7 33. Kd3 Kb6 34. Ne1
Ne8 35. Ke3 Kb5 36. Nd3 Nc7 37. Ne1 Na8 38. Kd3 Nc7 1/2-1/2

[Event "Thüringenliga 2014/2015"]
[Site "?"]
[Date "2015.01.11"]
[Round "6"]
[White "Mucha, Annegret"]
[Black "Kirste, Olaf"]
[Result "0-1"]
[WhiteElo "1991"]
[BlackElo "1889"]
[PlyCount "78"]
[EventDate "2015.??.??"]
[WhiteTeam "SV Jenapharm Jena"]
[BlackTeam "ESV Lok Sömmerda"]

1. e4 c5 2. Nf3 e6 3. d4 cxd4 4. Nxd4 Nf6 5. Nc3 d6 6. Bc4 a6 7. Bb3 Be7 8. Be3
Qc7 9. f3 Nc6 10. Qd2 Bd7 11. O-O-O Na5 12. g4 b5 13. Kb1 Nc4 14. Bxc4 bxc4 15.
g5 Nh5 16. f4 Rb8 17. f5 Qb7 18. b3 d5 19. Qe2 g6 20. exd5 cxb3 21. axb3 O-O
22. fxe6 fxe6 23. dxe6 Be8 24. Rhf1 Rxf1 25. Qxf1 Bb4 26. Na2 Be7 27. Qf3 Qc7
28. h4 a5 29. Bd2 a4 30. b4 Qc4 31. Qd3 Qd5 32. c4 Qd6 33. Bc3 Qf4 34. Qd2 Qxh4
35. b5 Bxg5 36. Qe2 Nf6 37. e7 Qe4+ 38. Qxe4 Nxe4 39. Bb2 Nd6 0-1

[Event "Thüringenliga 2014/2015"]
[Site "?"]
[Date "2015.01.11"]
[Round "6"]
[White "Berger, Nils"]
[Black "Kloß, Thomas"]
[Result "0-1"]
[WhiteElo "1660"]
[BlackElo "1905"]
[PlyCount "82"]
[EventDate "2015.??.??"]
[WhiteTeam "ESV Lok Sömmerda"]
[BlackTeam "SV Jenapharm Jena"]

1. e4 c5 2. Nc3 Nc6 3. f4 g6 4. Nf3 Bg7 5. Bb5 e6 6. Bxc6 dxc6 7. O-O Ne7 8. d3
O-O 9. Qe1 b6 10. Qh4 Ba6 11. Ne5 f5 12. Be3 Bf6 13. Qh3 Bg7 14. Qh4 Qc7 15. g4
Rfe8 16. Qg3 Rad8 17. Rfd1 Rf8 18. g5 Nc8 19. a4 Nd6 20. a5 Ra8 21. axb6 axb6
22. Ra3 Nb5 23. Nxb5 cxb5 24. d4 b4 25. Raa1 Bxe5 26. dxe5 Bb7 27. Rxa8 Rxa8
28. exf5 exf5 29. Rd6 Rd8 30. Rxd8+ Qxd8 31. Qe1 Qd5 32. Qg3 Qd1+ 33. Kf2 Qxc2+
34. Kf1 Qxb2 35. Qe1 Qxh2 36. Qd2 Qh1+ 37. Bg1 Qf3+ 38. Bf2 Ba6+ 39. Kg1 Qd3
40. Qa2+ b3 41. Qa1 Qf1+ 0-1

[Event "Thüringenliga 2014/2015"]
[Site "?"]
[Date "2015.01.11"]
[Round "6"]
[White "Siebarth, Raiko"]
[Black "Wehner, Janis"]
[Result "1/2-1/2"]
[WhiteElo "2224"]
[BlackElo "2139"]
[PlyCount "30"]
[EventDate "2015.??.??"]

1. b3 c5 2. Bb2 Nc6 3. f4 d5 4. Nf3 e6 5. g3 Nf6 6. Bg2 Be7 7. O-O O-O 8. e3 b6
9. d3 Qc7 10. Nbd2 Bb7 11. h3 Rad8 12. Ne5 Nxe5 13. Bxe5 Qc8 14. g4 Nd7 15. Bb2
Bf6 1/2-1/2

[Event "Thüringenliga 2014/2015"]
[Site "?"]
[Date "2015.01.11"]
[Round "6"]
[White "Siebarth, Marco"]
[Black "Nguyen, Huy Dat"]
[Result "1/2-1/2"]
[WhiteElo "1960"]
[BlackElo "1963"]
[PlyCount "95"]
[EventDate "2015.??.??"]

1. b3 e5 2. Bb2 Nc6 3. e3 Nf6 4. d3 d5 5. g3 Bg4 6. Be2 Bxe2 7. Qxe2 Bd6 8. Nf3
O-O 9. O-O Re8 10. Nbd2 Qd7 11. Kg2 h6 12. e4 Rad8 13. Rfe1 d4 14. Nh4 Ne7 15.
Qf3 Bb4 16. Re2 Qe6 17. Kg1 Bxd2 18. Rxd2 g5 19. Nf5 Nxf5 20. exf5 Qd5 21. Qxd5
Nxd5 22. Re1 f6 23. Rde2 Kf7 24. h3 Rh8 25. Kh2 h5 26. Re4 Rd6 27. a3 Rg8 28.
R1e2 g4 29. hxg4 hxg4 30. Kg2 Ne7 31. Re1 Nxf5 32. Rh1 Ke6 33. Rh7 Rc6 34. Re2
Rf8 35. a4 Rf7 36. Rh8 Rg7 37. Ra8 a6 38. Rb8 b6 39. Rd8 Ke7 40. Ra8 a5 41.
Ba3+ Kd7 42. Rf8 Ne7 43. Bxe7 Kxe7 44. Rh8 Kd6 45. Kf1 Kc5 46. Ke1 Kb4 47. Kd2
Rg5 48. Rh6 1/2-1/2

[Event "Thüringenliga 2014/2015"]
[Site "?"]
[Date "2015.01.11"]
[Round "6"]
[White "Kirschbaum, Gunnar"]
[Black "George, Tom"]
[Result "0-1"]
[WhiteElo "2133"]
[BlackElo "1884"]
[PlyCount "66"]
[EventDate "2015.??.??"]

1. d4 Nf6 2. c4 e6 3. Nc3 Bb4 4. Qc2 O-O 5. Nf3 c5 6. dxc5 Na6 7. a3 Bxc3+ 8.
Qxc3 Nxc5 9. e3 a5 10. b3 Nfe4 11. Qc2 d6 12. Rb1 e5 13. b4 axb4 14. axb4 Bf5
15. bxc5 Qa5+ 16. Nd2 Nxd2 17. Qxd2 Bxb1 18. cxd6 Bf5 19. Bb2 Qc5 20. Be2 Rfd8
21. O-O Rxd6 22. Qc3 f6 23. Bf3 Bd3 24. Rc1 e4 25. Bd1 Bxc4 26. h3 b5 27. Bc2
Qc6 28. Qb4 Rd7 29. Bd4 Bd5 30. Qb1 Rc7 31. Bb2 Qe6 32. Rd1 Ba2 33. Qc1 Rac8
0-1

[Event "Thüringenliga 2014/2015"]
[Site "?"]
[Date "2015.01.11"]
[Round "6"]
[White "Berner, Stephan"]
[Black "Hausknecht, Matthias"]
[Result "0-1"]
[WhiteElo "1870"]
[BlackElo "2118"]
[PlyCount "82"]
[EventDate "2015.??.??"]

1. d4 Nf6 2. c4 c5 3. d5 e6 4. Nc3 exd5 5. cxd5 d6 6. e4 g6 7. h3 Bg7 8. Nf3
O-O 9. Bd3 Re8 10. O-O a6 11. a4 Nh5 12. Bg5 Bf6 13. Qd2 Nd7 14. Be3 Rb8 15.
Nh2 Bg7 16. Ng4 Ne5 17. Nxe5 Bxe5 18. f4 Bxc3 19. bxc3 Ng3 20. Rf3 Nxe4 21.
Bxe4 Rxe4 22. f5 Bxf5 23. g4 Bxg4 24. hxg4 Qh4 25. Bf4 Qxg4+ 26. Kf2 Qh4+ 27.
Bg3 Qe7 28. Re1 f5 29. Rxe4 fxe4 30. Rf4 Re8 31. Ke3 Qg5 32. Bh4 Qg1+ 33. Bf2
Qg2 34. Qe2 Qg5 35. c4 b5 36. axb5 axb5 37. Bh4 Qg1+ 38. Kd2 e3+ 39. Kd3 Qa1
40. Be1 Qb1+ 41. Kc3 b4# 0-1

[Event "Thüringenliga 2014/2015"]
[Site "?"]
[Date "2015.01.11"]
[Round "6"]
[White "Müller-Ludwig, Kristin"]
[Black "Schröter, Maik"]
[Result "1-0"]
[WhiteElo "1992"]
[BlackElo "1842"]
[PlyCount "63"]
[EventDate "2015.??.??"]

1. e4 c5 2. Nf3 d6 3. d4 cxd4 4. Nxd4 Nf6 5. Nc3 a6 6. Be3 e5 7. Nf3 Be7 8. a4
O-O 9. a5 Nbd7 10. Nd2 b5 11. axb6 Nxb6 12. Nc4 Nxc4 13. Bxc4 Bb7 14. f3 Qc8
15. Qe2 Rd8 16. O-O d5 17. exd5 Nxd5 18. Nxd5 Bxd5 19. Bxa6 Qc7 20. Bd3 Qb7 21.
b3 e4 22. fxe4 Bxe4 23. Bxe4 Qxe4 24. Rxa8 Qxa8 25. Qf3 Bf6 26. Qxa8 Rxa8 27.
Rb1 Bc3 28. b4 Ra2 29. b5 Rxc2 30. b6 Be5 31. b7 Bb8 32. Bf4 1-0

[Event "Thüringenliga 2014/2015"]
[Site "?"]
[Date "2015.01.11"]
[Round "6"]
[White "Werner, Justus"]
[Black "Jakob, Matthias"]
[Result "1/2-1/2"]
[WhiteElo "1804"]
[BlackElo "1931"]
[PlyCount "85"]
[EventDate "2015.??.??"]

1. c4 Nc6 2. g3 Nf6 3. Bg2 g6 4. Nc3 Bg7 5. e3 d6 6. d4 O-O 7. Nge2 Nd7 8. O-O
e5 9. b3 Ne7 10. Ba3 Re8 11. Qd2 Nf5 12. Rac1 exd4 13. Nxd4 Nxd4 14. exd4 Nf6
15. Rfe1 c6 16. Qf4 Bf8 17. Rxe8 Nxe8 18. Re1 Bf5 19. Bb2 Bg7 20. g4 Bd7 21. h3
g5 22. Qd2 h6 23. Ne4 f5 24. gxf5 Bxf5 25. Ng3 Bg6 26. d5 c5 27. Bxg7 Nxg7 28.
Be4 Bxe4 29. Rxe4 Qf6 30. Qe2 Rf8 31. Kg2 Rf7 32. Re3 Qf4 33. Rf3 Qxf3+ 34.
Qxf3 Rxf3 35. Kxf3 Kf7 36. Ke4 Kg6 37. f4 Kf6 38. Kf3 Kg6 39. Ne4 Nf5 40. fxg5
hxg5 41. Kg4 Ne3+ 42. Kf3 Nf5 43. Kg4 1/2-1/2

[Event "Landesklasse Ost 2014/2015"]
[Site "?"]
[Date "2014.11.02"]
[Round "2"]
[White "Buring, Matthias"]
[Black "Taudte, Stefan"]
[Result "0-1"]
[WhiteElo "2058"]
[BlackElo "1977"]
[PlyCount "56"]
[EventDate "2014.??.??"]

1. d4 Nf6 2. c4 c5 3. d5 e6 4. Nc3 exd5 5. cxd5 g6 6. Nf3 Bg7 7. Bf4 d6 8. Qa4+
Bd7 9. Qb3 Qc7 10. e4 O-O 11. O-O-O a6 12. e5 Nh5 13. exd6 Qc8 14. Bg5 b5 15.
Qc2 c4 16. Ne4 Bf5 17. Nd4 Bxe4 18. Qxe4 Re8 19. Qf3 Qc5 20. Be3 Qxd6 21. g4
Nf6 22. Bg2 c3 23. Nb3 Rc8 24. g5 Nfd7 25. Bd4 cxb2+ 26. Kb1 Bxd4 27. Rxd4 a5
28. Nd2 Qc5 0-1

[Event "Landesklasse Ost 2014/2015"]
[Site "?"]
[Date "2014.11.02"]
[Round "2"]
[White "Pichl, Michael"]
[Black "Sauer, Marko"]
[Result "0-1"]
[WhiteElo "1939"]
[BlackElo "2009"]
[PlyCount "108"]
[EventDate "2014.??.??"]

1. g3 d5 2. Bg2 c6 3. Nf3 Nf6 4. O-O Nbd7 5. d3 Qc7 6. Nbd2 e6 7. e4 Be7 8. Re1
dxe4 9. dxe4 O-O 10. b3 a5 11. a3 Rd8 12. Bb2 b5 13. e5 Ne8 14. Qe2 Ba6 15. Qe4
Rab8 16. Rad1 c5 17. Qg4 c4 18. Ne4 b4 19. Nd6 c3 20. Bc1 Nxe5 21. Nxe8 Nxf3+
22. Bxf3 Rxe8 23. Bf4 Qb6 24. Bxb8 Rxb8 25. a4 Bc5 26. Kg2 Bxf2 27. Re5 Be3 28.
Qh5 g6 29. Qg4 f5 30. Qh4 Bd2 31. Qe7 Bb7 32. Qxe6+ Qxe6 33. Rxe6 Bxf3+ 34.
Kxf3 Rd8 35. Re5 Ra8 36. Ke2 Kf7 37. Kd3 Kf6 38. Rc5 g5 39. Kc4 f4 40. gxf4
gxf4 41. Kb5 Ke6 42. Rc6+ Kd5 43. Rh6 f3 44. Rxh7 Rf8 45. Kxa5 f2 46. Rf1 Ke4
47. Kxb4 Kf3 48. a5 Kg2 49. Rxf2+ Kxf2 50. a6 Ke2 51. Rh5 Kd1 52. a7 Kxc2 53.
Ra5 Ra8 54. Ra2+ Kb1 0-1

[Event "Landesklasse Ost 2014/2015"]
[Site "?"]
[Date "2014.11.02"]
[Round "2"]
[White "Jank, Kevin"]
[Black "Michalowski, Peter"]
[Result "0-1"]
[WhiteElo "1740"]
[BlackElo "2000"]
[PlyCount "76"]
[EventDate "2014.??.??"]

1. d4 Nf6 2. e3 d5 3. f4 Bf5 4. Nf3 e6 5. Nbd2 Be7 6. Be2 O-O 7. Ne5 Be4 8. O-O
Nfd7 9. Nxe4 dxe4 10. c3 Nb6 11. Qc2 f5 12. Qb3 Qc8 13. g4 g6 14. g5 c5 15. Bd2
Nc6 16. Nxc6 Qxc6 17. h4 Kf7 18. h5 h6 19. gxh6 Rh8 20. Rf2 Rxh6 21. Bb5 Qd6
22. hxg6+ Rxg6+ 23. Rg2 Rag8 24. Bf1 c4 25. Qd1 Rg4 26. b3 Bh4 27. Be1 Qf8 28.
Bxh4 Rxh4 29. Rxg8 Qxg8+ 30. Bg2 Nd5 31. Qd2 Qg3 32. Re1 Rh2 33. Qf2 Rxg2+ 34.
Qxg2 Qxe1+ 35. Kh2 Qh4+ 36. Kg1 Qe1+ 37. Kh2 Qh4+ 38. Kg1 Nxe3 0-1

[Event "Landesklasse Ost 2014/2015"]
[Site "?"]
[Date "2014.11.02"]
[Round "2"]
[White "Nicolai, Tim"]
[Black "Widmann, Benjamin"]
[Result "1-0"]
[WhiteElo "1752"]
[BlackElo "1832"]
[PlyCount "105"]
[EventDate "2014.??.??"]

1. e4 c5 2. Nf3 Nc6 3. d4 cxd4 4. Nxd4 g6 5. Nc3 Bg7 6. Be3 Nf6 7. Bc4 O-O 8.
Bb3 d6 9. h3 Na5 10. O-O Nxb3 11. axb3 a6 12. Qd2 Re8 13. f4 e5 14. Ndb5 exf4
15. Rxf4 Bh6 16. Rxf6 Bxe3+ 17. Qxe3 Qxf6 18. Nc7 Bd7 19. Rf1 Qe5 20. N3d5 f5
21. Qg5 Kg7 22. Nxa8 Rxa8 23. Kh1 fxe4 24. Qh4 Qxd5 25. Qe7+ Kg8 26. Qxd7 e3
27. Re1 Qe5 28. Qxb7 Re8 29. Re2 Rf8 30. Kg1 Qd4 31. Qxa6 Qxb2 32. Qxd6 Qa1+
33. Kh2 Qc3 34. Qe6+ Rf7 35. Qxe3 Qc7+ 36. Qg3 Qa7 37. Rd2 Qa8 38. Qg5 Qb8+ 39.
Qg3 Qc8 40. Rf2 Rc7 41. c4 Rb7 42. Rf3 Qc5 43. Qf4 Ra7 44. Qb8+ Kg7 45. b4 Qe7
46. Qf4 g5 47. Qd4+ Kg6 48. c5 Qc7+ 49. Qd6+ Qxd6+ 50. cxd6 Rd7 51. Rd3 Kf7 52.
Kg3 h5 53. Rd5 1-0

[Event "Landesklasse Ost 2014/2015"]
[Site "?"]
[Date "2014.11.02"]
[Round "2"]
[White "Zeising, Benjamin"]
[Black "Heinke, Jasper"]
[Result "1-0"]
[WhiteElo "1799"]
[BlackElo "1789"]
[PlyCount "63"]
[EventDate "2014.??.??"]

1. Nc3 d5 2. d4 Nf6 3. e4 e6 4. Bd3 b6 5. Qf3 Bb7 6. e5 Nfd7 7. Nh3 c5 8. Ng5
Qe7 9. Nb5 Bc6 10. Nd6+ Kd8 11. Ngxf7+ Kc7 12. Bg5 Nf6 13. exf6 Qxd6 14. Nxd6
Bxd6 15. fxg7 Rg8 16. Qf7+ Nd7 17. Bxh7 Rxg7 18. Qxg7 cxd4 19. Qxd4 Bc5 20. Qg4
Rf8 21. Be3 d4 22. Bxd4 Bxd4 23. Qxd4 Bxg2 24. Rg1 Bd5 25. c4 Bc6 26. Rg7 e5
27. Qxe5+ Kc8 28. Qd6 Re8+ 29. Re7 Rd8 30. Qxc6+ Kb8 31. Be4 Nc5 32. Qa8# 1-0

[Event "Landesklasse Ost 2014/2015"]
[Site "?"]
[Date "2014.11.02"]
[Round "2"]
[White "Elkhanov, Leonid"]
[Black "Schumacher, Andreas"]
[Result "1/2-1/2"]
[WhiteElo "1845"]
[BlackElo "1722"]
[PlyCount "46"]
[EventDate "2014.??.??"]

1. e4 c5 2. Nf3 d6 3. Nc3 a6 4. d4 cxd4 5. Nxd4 Nf6 6. Bg5 Nbd7 7. Bd3 e6 8.
O-O Be7 9. Kh1 O-O 10. f4 Qc7 11. Rb1 b5 12. a3 Bb7 13. Qe2 Rfe8 14. Rbe1 Nc5
15. Bxf6 Bxf6 16. e5 Nxd3 17. cxd3 Bh4 18. Rc1 Qb6 19. Nf3 Be7 20. Ne4 Rac8 21.
Ng3 Rxc1 22. Rxc1 Rc8 23. Rf1 Qc7 1/2-1/2

[Event "Landesklasse Ost 2014/2015"]
[Site "?"]
[Date "2014.11.02"]
[Round "2"]
[White "Hoyer, Willy"]
[Black "Strauch, Martin"]
[Result "1/2-1/2"]
[WhiteElo "1683"]
[BlackElo "1786"]
[PlyCount "54"]
[EventDate "2014.??.??"]

1. d4 d6 2. Nf3 Nf6 3. g3 g6 4. Bg2 Bg7 5. O-O O-O 6. c4 c6 7. Nc3 Qc7 8. e4 e5
9. dxe5 dxe5 10. Qc2 Be6 11. b3 Na6 12. Ba3 Rfd8 13. Rad1 Bh6 14. Rxd8+ Rxd8
15. Rd1 Rxd1+ 16. Qxd1 Ne8 17. Qd3 f6 18. h3 Bf8 19. Bxf8 Kxf8 20. Qd2 Kg7 21.
g4 h6 22. Ne1 Nc5 23. Kf1 Qd6 24. Qxd6 Nxd6 25. Ke2 f5 26. f3 Kf6 27. Nd3 Nd7
1/2-1/2

[Event "Landesklasse Ost 2014/2015"]
[Site "?"]
[Date "2014.11.02"]
[Round "2"]
[White "Thiemann, Jürgen"]
[Black "Marufke, Kai"]
[Result "1/2-1/2"]
[WhiteElo "1677"]
[BlackElo "1846"]
[PlyCount "44"]
[EventDate "2014.??.??"]

1. d4 d5 2. c4 e6 3. Nc3 f5 4. cxd5 exd5 5. Nf3 Nf6 6. Bg5 Be7 7. e3 c6 8. Bxf6
Bxf6 9. Qb3 Qe7 10. Bd3 g6 11. O-O Nd7 12. Rfe1 Kf8 13. a4 Kg7 14. a5 a6 15.
Reb1 Re8 16. Qc2 Nf8 17. b4 Bd7 18. Na4 Rad8 19. Nc5 Bc8 20. g3 Ne6 21. Nxe6+
Qxe6 22. Ne1 Be7 1/2-1/2

[Event "Landesklasse Ost 2014/2015"]
[Site "?"]
[Date "2015.03.01"]
[Round "7"]
[White "Berkov, Mikhail"]
[Black "Kosowski, Todor"]
[Result "0-1"]
[WhiteElo "1806"]
[BlackElo "2139"]
[PlyCount "58"]
[EventDate "2015.??.??"]
[WhiteTeam "SV Schott Jena"]
[BlackTeam "SG Arnstadt-Stadtilm"]

1. e4 c5 2. c3 d6 3. d4 cxd4 4. cxd4 Nf6 5. Nc3 g6 6. Bc4 Bg7 7. Nf3 O-O 8. O-O
a6 9. Bb3 Nc6 10. Bg5 Bg4 11. Be3 Na5 12. Bc2 Nc4 13. Qe2 Nxe3 14. Qxe3 Bxf3
15. gxf3 e5 16. dxe5 dxe5 17. f4 exf4 18. Qxf4 Qc8 19. Bd1 b5 20. e5 Nd7 21.
Re1 Qc5 22. Ne4 Qxe5 23. Qh4 Qxb2 24. Bf3 Ne5 25. Bg2 Rad8 26. Rad1 Rxd1 27.
Rxd1 Qe2 28. Nc3 Nf3+ 29. Bxf3 Qxf3 0-1

[Event "Landesklasse Ost 2014/2015"]
[Site "?"]
[Date "2015.03.01"]
[Round "7"]
[White "Buring, Matthias"]
[Black "Neubauer, Ralf"]
[Result "1-0"]
[WhiteElo "2052"]
[BlackElo "1918"]
[PlyCount "77"]
[EventDate "2015.??.??"]
[WhiteTeam "SG Arnstadt-Stadtilm"]
[BlackTeam "SV Schott Jena"]

1. e4 c5 2. Nf3 d6 3. d4 cxd4 4. Bc4 Nf6 5. Qe2 Nc6 6. h3 e6 7. c3 dxc3 8. Nxc3
a6 9. a4 Be7 10. O-O O-O 11. Rd1 Qc7 12. Bf4 e5 13. Bg5 Be6 14. Bxe6 fxe6 15.
Qc4 Qc8 16. Rac1 Nd4 17. Qa2 Nxf3+ 18. gxf3 Qd7 19. Rd3 Nh5 20. Bd2 Rf6 21. Ne2
Raf8 22. Qb3 b5 23. axb5 Qxb5 24. Qxb5 axb5 25. Rc7 Bd8 26. Rd7 Bb6 27. R7xd6
Bd4 28. Nxd4 exd4 29. Kg2 Rg6+ 30. Kf1 e5 31. Rd5 Re6 32. Rxb5 Nf6 33. Ra3 Rc8
34. Ke2 Kf7 35. Ra7+ Kg6 36. Rbb7 Ne8 37. b4 Kh5 38. Re7 Rcc6 39. b5 1-0

[Event "Landesklasse Ost 2014/2015"]
[Site "?"]
[Date "2015.03.01"]
[Round "7"]
[White "Jordan, Gunter"]
[Black "Schumacher, Andreas"]
[Result "1/2-1/2"]
[WhiteElo "1875"]
[BlackElo "1722"]
[PlyCount "71"]
[EventDate "2015.??.??"]
[WhiteTeam "SV Schott Jena"]
[BlackTeam "SG Arnstadt-Stadtilm"]

1. d4 Nf6 2. c4 g6 3. Nc3 Bg7 4. e4 d6 5. Be2 O-O 6. Bg5 e5 7. d5 Nbd7 8. Qd2
Qe7 9. h4 Re8 10. h5 Qf8 11. hxg6 hxg6 12. Nh3 Nc5 13. f3 a6 14. Nf2 Nh7 15.
O-O-O f5 16. Bh6 f4 17. Bxg7 Kxg7 18. Rh4 Nf6 19. Rdh1 Nh5 20. g4 fxg3 21. Rxh5
gxh5 22. Qg5+ Kf7 23. Qxh5+ Ke7 24. Qg5+ Kd7 25. Rh7+ Re7 26. Ng4 g2 27. Nf6+
Qxf6 28. Qg4+ Kd8 29. Qxg2 Rxh7 30. Qg8+ Ke7 31. Qxh7+ Qf7 32. Qh4+ Ke8 33.
Qh8+ Ke7 34. Qh4+ Qf6 35. Qh7+ Qf7 36. Qh4+ 1/2-1/2

[Event "Landesklasse Ost 2014/2015"]
[Site "?"]
[Date "2015.03.01"]
[Round "7"]
[White "Marufke, Kai"]
[Black "Schulz, Uwe"]
[Result "0-1"]
[WhiteElo "1846"]
[BlackElo "1746"]
[PlyCount "78"]
[EventDate "2015.??.??"]
[WhiteTeam "SG Arnstadt-Stadtilm"]
[BlackTeam "SV Schott Jena"]

1. e4 c5 2. f4 Nc6 3. Nf3 d6 4. Bb5 Bd7 5. d3 e6 6. Nc3 Be7 7. Be3 Nf6 8. h3 a6
9. Bxc6 Bxc6 10. O-O O-O 11. e5 Nd5 12. Nxd5 Bxd5 13. b3 Qc7 14. d4 c4 15. Nd2
b5 16. Qe2 Rac8 17. Rac1 c3 18. Nf3 Qb7 19. g4 f5 20. Qf2 b4 21. Nh4 fxg4 22.
hxg4 g5 23. Ng2 Rf7 24. Qg3 dxe5 25. dxe5 Rcf8 26. fxg5 Rxf1+ 27. Rxf1 Rxf1+
28. Kxf1 Qb5+ 29. Kg1 Qe2 30. Nf4 Qd1+ 31. Kf2 Qxc2+ 32. Ne2 Qe4 33. Qf4 Qg2+
34. Ke1 Qh1+ 35. Kf2 Qg2+ 36. Ke1 Bf3 37. Nc1 Bxg4 38. Qc4 Qh1+ 39. Kf2 Qf3+
0-1

[Event "Landesklasse Ost 2014/2015"]
[Site "?"]
[Date "2015.03.01"]
[Round "7"]
[White "Seliokaite, Ana"]
[Black "Bächer, Reinhard"]
[Result "0-1"]
[WhiteElo "877"]
[BlackElo "1765"]
[PlyCount "104"]
[EventDate "2015.??.??"]
[WhiteTeam "SV Schott Jena"]
[BlackTeam "SG Arnstadt-Stadtilm"]

1. e4 c6 2. d4 d5 3. exd5 cxd5 4. Nc3 Nf6 5. Nf3 e6 6. Bg5 Be7 7. Bb5+ Bd7 8.
Ne5 Bxb5 9. Nxb5 Qb6 10. Qd3 a6 11. Nc3 Nc6 12. Nxc6 bxc6 13. Na4 Qa5+ 14. Nc3
Rb8 15. Rb1 O-O 16. O-O Rb7 17. Qg3 Nh5 18. Qg4 Bxg5 19. Qxg5 Nf6 20. Qd2 Rfb8
21. Qc1 Rb4 22. h3 Rxd4 23. Qe3 Rdb4 24. b3 d4 25. Qd3 dxc3 26. Qxc3 Qb6 27. a3
Rf4 28. Rbd1 Rxf2 29. Rxf2 Qxf2+ 30. Kxf2 Ne4+ 31. Kg1 Nxc3 32. Rd7 Kf8 33. Ra7
Rb6 34. Ra8+ Ke7 35. Rh8 h6 36. Rh7 Kf6 37. Rh8 c5 38. Rd8 Ne4 39. Rd3 Rd6 40.
Re3 Ke5 41. c3 f5 42. b4 f4 43. Re1 cxb4 44. axb4 Rd3 45. c4 Kd4 46. b5 axb5
47. cxb5 Rb3 48. Rd1+ Ke5 49. Rd7 Rb1+ 50. Kh2 Ng3 51. Rd1 Rxd1 52. b6 Rh1# 0-1

[Event "Landesklasse Ost 2014/2015"]
[Site "?"]
[Date "2015.03.01"]
[Round "7"]
[White "Kottwitz, Daniel"]
[Black "Vogel, Steffen"]
[Result "1/2-1/2"]
[WhiteElo "1887"]
[BlackElo "1779"]
[PlyCount "21"]
[EventDate "2015.??.??"]
[WhiteTeam "Schachzirkel Elstertal Langenberg"]
[BlackTeam "SSV Vimaria 91 Weimar"]

1. c4 Nf6 2. Nc3 e6 3. g3 d5 4. cxd5 exd5 5. d4 c6 6. Nf3 h6 7. Bg2 Bd6 8. O-O
O-O 9. Be3 Bf5 10. Rc1 Nbd7 11. a3 1/2-1/2

[Event "Landesklasse Ost 2014/2015"]
[Site "?"]
[Date "2015.03.01"]
[Round "7"]
[White "Reichardt, Albert"]
[Black "Janisch, Manfred"]
[Result "1/2-1/2"]
[WhiteElo "1720"]
[BlackElo "1744"]
[PlyCount "109"]
[EventDate "2015.??.??"]
[WhiteTeam "SSV Vimaria 91 Weimar"]
[BlackTeam "Schachzirkel Elstertal Langenberg"]

1. e4 c5 2. b4 cxb4 3. a3 e5 4. axb4 Bxb4 5. Bc4 Nf6 6. Qf3 Nc6 7. c3 Bc5 8.
Ne2 O-O 9. O-O a6 10. h3 b6 11. d3 Bb7 12. Ng3 Ne8 13. Nf5 Nd6 14. Qg4 Nxf5 15.
exf5 d5 16. Bh6 Qf6 17. Bg5 Qd6 18. Bb3 f6 19. Bh6 Rf7 20. Nd2 Rd8 21. Ne4 Qe7
22. Rac1 Ba3 23. Ra1 Kh8 24. Be3 Bc5 25. Nxc5 bxc5 26. Rfe1 Rff8 27. Ba4 d4 28.
cxd4 cxd4 29. Bxc6 Bxc6 30. Bxd4 Qb4 31. Be3 Qxg4 32. hxg4 Bb5 33. Rec1 Bxd3
34. Rc7 Rc8 35. Ra7 Bb5 36. Bb6 Rc4 37. f3 h6 38. Kh2 Rc6 39. Ba5 Rfc8 40. Rd1
Rc2 41. Kg3 Kg8 42. Bb6 Rb2 43. Bc7 Rc2 44. Bb6 Re2 45. Bf2 Ra2 46. Rd5 Rb2 47.
Rd6 Re2 48. Re6 Rcc2 49. Ree7 Rxf2 50. Kh4 Rxg2 51. Rxg7+ Kh8 52. Rh7+ Kg8 53.
Rag7+ Kf8 54. Rf7+ Kg8 55. Rhg7+ 1/2-1/2

[Event "Landesklasse Ost 2014/2015"]
[Site "?"]
[Date "2015.03.01"]
[Round "7"]
[White "Watzke, Birger"]
[Black "Mitter, Frank"]
[Result "1/2-1/2"]
[WhiteElo "2155"]
[BlackElo "1752"]
[PlyCount "34"]
[EventDate "2015.??.??"]
[WhiteTeam "Schachzirkel Elstertal Langenberg"]
[BlackTeam "SSV Vimaria 91 Weimar"]

1. c4 c5 2. Nf3 Nc6 3. d4 cxd4 4. Nxd4 e6 5. Nb3 Nf6 6. Nc3 Bb4 7. Bd2 O-O 8.
e3 Bxc3 9. Bxc3 d5 10. Bxf6 Qxf6 11. cxd5 exd5 12. Qd2 Rd8 13. Nd4 Nxd4 14.
Qxd4 Qxd4 15. exd4 Bf5 16. Kd2 Rac8 17. Bd3 Bxd3 1/2-1/2

[Event "Landesklasse Ost 2014/2015"]
[Site "?"]
[Date "2015.03.01"]
[Round "7"]
[White "Petigk, Falk"]
[Black "Streit, Michael"]
[Result "0-1"]
[WhiteElo "1697"]
[BlackElo "1924"]
[PlyCount "94"]
[EventDate "2015.??.??"]
[WhiteTeam "SSV Vimaria 91 Weimar"]
[BlackTeam "Schachzirkel Elstertal Langenberg"]

1. e4 e5 2. Nf3 Nc6 3. Bc4 Bc5 4. c3 Nf6 5. d3 a6 6. Bg5 h6 7. Bh4 Be7 8. Nbd2
d6 9. Nf1 Bg4 10. Ng3 Bxf3 11. gxf3 g5 12. Bxg5 hxg5 13. Qb3 Rh7 14. Qxb7 Na5
15. Qb4 c5 16. Qa4+ Kf8 17. Nf5 Nxc4 18. Qxc4 Nh5 19. O-O-O Ng7 20. Ne3 a5 21.
Kb1 Rh3 22. d4 Qb6 23. dxe5 Rb8 24. Qe2 dxe5 25. Nc4 Qb5 26. Rd3 f6 27. Ne3 Ne6
28. c4 Qa6 29. Qf1 Rh7 30. Qg2 Nf4 31. Qf1 Nxd3 32. Qxd3 a4 33. Nd5 Qb7 34. Qc2
Rh3 35. Nc3 a3 36. b3 Kf7 37. Qe2 Qa6 38. Qd1 Rbh8 39. Qd5+ Kf8 40. Nb5 Qc8 41.
Nxa3 Rxh2 42. Rxh2 Rxh2 43. Qd2 Qd8 44. Qd5 Rxf2 45. Nb5 Rd2 46. Qxd8+ Bxd8 47.
a4 Rd3 0-1